Database Systems Concepts (Record no. 4118)

MARC details
000 -LEADER
fixed length control field 00334nam a2200145Ia 4500
008 - FIXED-LENGTH DATA ELEMENTS--GENERAL INFORMATION
fixed length control field 191201s2009 xx 000 0 und d
082 ## - DEWEY DECIMAL CLASSIFICATION NUMBER
Classification number 005.74
Item number SID
100 ## - MAIN ENTRY--PERSONAL NAME
Personal name SILBERSCHATZ, Abraham
245 #0 - TITLE STATEMENT
Title Database Systems Concepts
250 ## - EDITION STATEMENT
Edition statement 5th
260 ## - PUBLICATION, DISTRIBUTION, ETC. (IMPRINT)
Place of publication, distribution, etc N.Delhi
Name of publisher, distributor, etc TMH
Date of publication, distribution, etc 2009
300 ## - PHYSICAL DESCRIPTION
Extent 1142
650 ## - SUBJECT ADDED ENTRY--TOPICAL TERM
Topical term or geographic name as entry element MCA
942 ## - ADDED ENTRY ELEMENTS (KOHA)
Source of classification or shelving scheme Dewey Decimal Classification
Koha item type Text Books
Holdings
Withdrawn status Lost status Source of classification or shelving scheme Damaged status Not for loan Collection code Home library Current library Date acquired Source of acquisition Cost, normal purchase price Bill Number Total Checkouts Full call number Acc. no. / Barcode Date last seen Date last borrowed Bill Date Koha item type Checked out
    Dewey Decimal Classification     MCA PIET C-LIBRARY PIET C-LIBRARY 10/10/2009 The book company 10.00 SI-175 2 005.74 SID 13724 07/03/2024 05/03/2024 03/10/2009 Text Books  
    Dewey Decimal Classification     MCA PIET C-LIBRARY PIET C-LIBRARY 10/10/2009 The book company 10.00 SI-175 1 005.74 SID 13725 10/05/2022 23/04/2022 03/10/2009 Text Books  
    Dewey Decimal Classification     Computer Science & Engineering in Cyber Security PIET C-LIBRARY PIET C-LIBRARY 10/10/2009 The book company 10.00 SI-175   005.74 SID 13726 04/12/2019   03/10/2009 Text Books  
    Dewey Decimal Classification     Computer Science & Engineering in Cyber Security PIET C-LIBRARY PIET C-LIBRARY 10/10/2009 The book company 10.00 SI-175 2 005.74 SID 13727 12/06/2023 06/06/2023 03/10/2009 Text Books  
    Dewey Decimal Classification     Computer Science and Engineering in AI & Machine Learning PIET C-LIBRARY PIET C-LIBRARY 10/10/2009 The book company 10.00 SI-175 1 005.74 SID 13728 06/02/2025 06/02/2025 03/10/2009 Text Books 25/08/2025

Design & Developed by: PIET Central Library
R70 Miles Stone Pattikalyana Samalkha Panipat 132102
mail ID :- [email protected], Phone No:- 0180-2569700 Ex.216